000 00376nam a22001457a 4500
005 20180308123247.0
008 170807b xxu||||| |||| 00| 0 eng d
022 _a14716917
040 _cPK-LaUMT
082 _aZIAC 297.05
_bJOU-
245 _aJournal of Islamic studies(Vol 25 No. 1)
260 _aOxford:
_bOxford University Press,
_c2014
300 _a110 p.
942 _cBK
999 _c96534
_d96534